Možnosti využitia unifikačného koeficientu pri zvyšovaní vypovedacej schopnosti metód multikriteriálneho vyhodnocovania variantov

Podniková diagnostika využíva pri diagnostikovaní podniku, predovšetkým životného cyklu podniku, viaceré druhy analýz na niekoľkých úrovniach a stupňoch. Medzi najdôležitejšie nástroje týchto analýz s pomerne vysokou vypovedacou schopnosťou patria metódy multikriteriálneho vyhodnocovania variantov,...

Ausführliche Beschreibung

Gespeichert in:
Bibliographische Detailangaben
1. Verfasser: Neumannová, Anna
Format: Buchkapitel
Sprache:Slowakisch
Schlagworte:
Tags: Tag hinzufügen
Keine Tags, Fügen Sie das erste Tag hinzu!

MARC

LEADER 00000nla$a2200000$$$4500
001 0076339
005 20240502071907.7
041 0 |a slo 
044 |a SK 
245 1 0 |a Možnosti využitia unifikačného koeficientu pri zvyšovaní vypovedacej schopnosti metód multikriteriálneho vyhodnocovania variantov  |c Anna Neumannová 
520 |a Podniková diagnostika využíva pri diagnostikovaní podniku, predovšetkým životného cyklu podniku, viaceré druhy analýz na niekoľkých úrovniach a stupňoch. Medzi najdôležitejšie nástroje týchto analýz s pomerne vysokou vypovedacou schopnosťou patria metódy multikriteriálneho vyhodnocovania variantov, ktoré predstavujú kombinácie rôznych prístupov, hodnotení expertov, matematicko-štatistických a iných metód. Umožňujú hodnotiť analyzovaný podnik na základe súboru ukazovateľov, ktoré odrážajú jednotlivé stránky jeho činnosti, syntetizujú a kvantifikujú ich v podobe integrálneho ukazovateľa komplexného hodnotenia. 
610 2 0 |a diagnostika podniková 
610 2 0 |a ukazovatele hodnotové 
610 2 0 |a metódy matematicko-štatistické 
610 2 0 |a cyklus podniku životný 
100 1 |a Neumannová, Anna